<?xml version="1.0" encoding="UTF-8"?>
<record
    xmlns:xsi="http://www.w3.org/2001/XMLSchema-instance"
    xsi:schemaLocation="http://www.loc.gov/MARC21/slim http://www.loc.gov/standards/marcxml/schema/MARC21slim.xsd"
    xmlns="http://www.loc.gov/MARC21/slim">

  <leader>01063nam a2200265 a 4500</leader>
  <controlfield tag="001">BRCA_6041</controlfield>
  <controlfield tag="005">20190321142922.0</controlfield>
  <controlfield tag="008">120511m19271928fr-a######---#000-0#fre-#</controlfield>
  <datafield tag="041" ind1=" " ind2=" ">
    <subfield code="a">fre</subfield>
  </datafield>
  <datafield tag="044" ind1=" " ind2=" ">
    <subfield code="a">fr</subfield>
  </datafield>
  <datafield tag="050" ind1=" " ind2="4">
    <subfield code="b">.C65 1927</subfield>
  </datafield>
  <datafield tag="245" ind1="1" ind2="0">
    <subfield code="a">Collection de Monsieur H. B.</subfield>
  </datafield>
  <datafield tag="260" ind1=" " ind2=" ">
    <subfield code="a">Par&#xED;s</subfield>
    <subfield code="b">Galerie Georges Petit</subfield>
    <subfield code="c">1927-1928</subfield>
  </datafield>
  <datafield tag="300" ind1=" " ind2=" ">
    <subfield code="a">2 v.</subfield>
    <subfield code="b">il., l&#xE1;minas</subfield>
    <subfield code="c">28 cm.</subfield>
  </datafield>
  <datafield tag="500" ind1=" " ind2=" ">
    <subfield code="a">Incluye &#xED;ndice de artistas</subfield>
  </datafield>
  <datafield tag="500" ind1=" " ind2=" ">
    <subfield code="a">En el inventario los cat&#xE1;logos est&#xE1;n identificados como CA6 (2 v.) y en cada libro como CA6a y CA6b</subfield>
  </datafield>
  <datafield tag="500" ind1=" " ind2=" ">
    <subfield code="a">Cat&#xE1;logo de subasta inventariado por Banco de M&#xE9;xico como libro</subfield>
  </datafield>
  <datafield tag="500" ind1=" " ind2=" ">
    <subfield code="a">CA6</subfield>
  </datafield>
  <datafield tag="505" ind1="0" ind2=" ">
    <subfield code="a">Contenido: v.1. Catalogue des tr&#xE8;s Belles Estampes du XVIIIe si&#xE8;cle. -- v.2. Catalogue des tr&#xE8;s Beaux Portraits des XVIIe, XVIIIe et XIXe si&#xE8;cles</subfield>
  </datafield>
  <datafield tag="600" ind1="1" ind2="4">
    <subfield code="a">H. B., Monsieur</subfield>
    <subfield code="x">Colecciones privadas</subfield>
    <subfield code="9">15239</subfield>
  </datafield>
  <datafield tag="650" ind1="1" ind2="4">
    <subfield code="a">Estampas</subfield>
    <subfield code="v">Cat&#xE1;logos</subfield>
    <subfield code="x">Colecciones privadas</subfield>
    <subfield code="y">Siglo XVIII</subfield>
    <subfield code="9">15240</subfield>
  </datafield>
  <datafield tag="650" ind1="1" ind2="4">
    <subfield code="a">Retratos</subfield>
    <subfield code="v">Cat&#xE1;logos</subfield>
    <subfield code="x">Colecciones privadas</subfield>
    <subfield code="y">Siglo XVII-XIX</subfield>
    <subfield code="9">15241</subfield>
  </datafield>
  <datafield tag="902" ind1=" " ind2=" ">
    <subfield code="a">GFM</subfield>
  </datafield>
  <datafield tag="942" ind1=" " ind2=" ">
    <subfield code="2">lcc</subfield>
    <subfield code="c">B</subfield>
  </datafield>
  <datafield tag="999" ind1=" " ind2=" ">
    <subfield code="c">5729</subfield>
    <subfield code="d">5729</subfield>
  </datafield>
  <datafield tag="952" ind1=" " ind2=" ">
    <subfield code="0">0</subfield>
    <subfield code="1">0</subfield>
    <subfield code="4">0</subfield>
    <subfield code="7">0</subfield>
    <subfield code="a">BRCA</subfield>
    <subfield code="b">BRCA</subfield>
    <subfield code="d">2011-05-12</subfield>
    <subfield code="i">CA6</subfield>
    <subfield code="l">0</subfield>
    <subfield code="o">.C65 1927 (CA6)</subfield>
    <subfield code="p">6480</subfield>
    <subfield code="r">2019-03-22 00:00:00</subfield>
    <subfield code="w">2019-03-22</subfield>
    <subfield code="y">B</subfield>
  </datafield>
</record>
